| 000 -LEADER |
| fixed length control field |
00819nam a22001337a 4500 |
| 040 ## - CATALOGING SOURCE |
| Transcribing agency |
RUA |
| 082 ## - DEWEY DECIMAL CLASSIFICATION NUMBER |
| Classification number |
LMA VAN 2014 B498 Or.1 |
| 100 ## - MAIN ENTRY--AUTHOR NAME |
| Personal name |
VANN SOPHEAK; វ៉ាន់ សុភ័ក្រ្ត |
| 245 ## - TITLE STATEMENT |
| Title |
Study on parcel survey in sporadic land registration process steung sen city kampong thom province; សិក្សាអំពីបច្ចេកទេសវាស់វែងក្បាលដីក្នុងដំណើរការចុះបញ្ជីដីធ្លីមានលក្ខណៈដាច់ដោយដុំនៅក្រុងស្ទឹងសែន ខេត្តកំពង់ធំ |
| 260 ## - PUBLICATION, DISTRIBUTION, ETC. (IMPRINT) |
| Place of publication |
Phnom Penh |
| Name of publisher |
RUA |
| Year of publication |
2014 |
| 300 ## - PHYSICAL DESCRIPTION |
| Number of Pages |
xi; 42p; |
| Other physical details |
ill; |
| Dimensions |
29cm; |
| 856 ## - ELECTRONIC LOCATION AND ACCESS |
| Uniform Resource Identifier |
https://drive.google.com/file/d/1FPl0U8SdSIvOpjydjmmqXW9lek8gL2tw/view?usp=sharing |
| 942 ## - ADDED ENTRY ELEMENTS (KOHA) |
| Koha item type |
LMA |
| 952 ## - LOCATION AND ITEM INFORMATION (KOHA) |
| Withdrawn status [LOCAL, KOHA] |
0 |
| 952 ## - LOCATION AND ITEM INFORMATION (KOHA) |
| Withdrawn status [LOCAL, KOHA] |
0 |
| 952 ## - LOCATION AND ITEM INFORMATION (KOHA) |
| Withdrawn status [LOCAL, KOHA] |
0 |
| 952 ## - LOCATION AND ITEM INFORMATION (KOHA) |
| Withdrawn status [LOCAL, KOHA] |
0 |
| 952 ## - LOCATION AND ITEM INFORMATION (KOHA) |
| Withdrawn status [LOCAL, KOHA] |
0 |